| 000 | 01139nam a22002657a 4500 | ||
|---|---|---|---|
| 005 | 20170124103125.0 | ||
| 010 | _aB-185902 | ||
| 020 |
_c250.00 _a818526779 |
||
| 035 | _aB-185902 | ||
| 037 | _bCen Lib/Ret | ||
| 040 |
_aDPL _bHN |
||
| 082 |
_a509.2 _bमुलेगु |
||
| 100 |
_aमुले, गुणाकर _9103831 |
||
| 245 |
_aमहान भारतीय वैज्ञानिक / _cगुणाकर मुले |
||
| 246 |
_aMahan bhartiya vaigyanik / _bby Gunakar Muley |
||
| 260 |
_aदिल्ली _bयात्री प्रकाशन _c2005 |
||
| 270 |
_aबी-131, सादतपुर _bदिल्ली _e110094 |
||
| 300 |
_a214पृ. : _c21सेमी (सजिल्द ) _bसचित्र |
||
| 500 | _aअनुक्रमणिका शामिल | ||
| 650 |
_aमहान भारतीय वैज्ञानिक _x _z _982904 |
||
| 650 |
_aवैज्ञानिक जीवनी _v _943339 |
||
| 650 |
_aGreat Indian scientist _982905 |
||
| 650 |
_aScientist Biography _982906 |
||
| 942 |
_2ddc _cHN _h509.2 _mमुलेगु |
||
| 999 |
_c119006 _d119006 |
||